000 00721nam a2200265Ia 4500
005 20260302115105.0
008 008 260114s9999 xx 000 0 eng d
020 _a9781611488777
037 _aTextbook
040 _aCRL
040 _beng
040 _cCRL
041 _2eng
041 _aeng
084 _qCRL
100 _aBenjamin Fraser
_9448862
245 0 _aAntonio López García’s Everyday Urban Worlds A Philosophy of Painting
260 _bBloomsbury
260 _bBucknell University Press
260 _c2014
650 _aLiterary Studies
856 _uhttps://doi.org/10.5040/9781611488777?locatt=label:secondary_bloomsburyCollections
942 _cEBOOK
999 _c1684923
_d1684923